| 000 | 00379 a2200133 4500 | ||
|---|---|---|---|
| 001 | 91628 | ||
| 082 | _aPR 1593 | ||
| 090 |
_c43783 _d43782 |
||
| 100 | _aUmair Sharif; Naveed Abbas and Nauman Siddiqui, Advisors | ||
| 245 |
_aTo Design a Strike Mission Planning Tool for Aviators _n52 "B" EC |
||
| 260 |
_aRawalpindi _bNUST _c2000 |
||
| 300 | _a62p | ||
| 500 | _aBE Project Reports | ||
| 942 |
_aCAE NUST _kPR 1593 |
||
| 999 |
_c326701 _d326701 |
||